उपेक्षिता (Record no. 326638)

MARC details
000 -LEADER
fixed length control field 00599nam a2200169Ia 4500
008 - FIXED-LENGTH DATA ELEMENTS--GENERAL INFORMATION
fixed length control field 090711s9999 xx 000 0 und d
082 ## - DEWEY DECIMAL CLASSIFICATION NUMBER
Item number 70071
100 ## - MAIN ENTRY--PERSONAL NAME
Personal name मंगेशकर गीता / बांदोडकर गौरी
245 ## - TITLE STATEMENT
Title उपेक्षिता
260 ## - PUBLICATION, DISTRIBUTION, ETC. (IMPRINT)
Date of publication, distribution, etc 1993
300 ## - PHYSICAL DESCRIPTION
Extent 188
600 ## - SUBJECT ADDED ENTRY--PERSONAL NAME
Personal name मंगेशकर गीता / बांदोडकर गौरी
630 ## - SUBJECT ADDED ENTRY--UNIFORM TITLE
Uniform title उपेक्षिता
700 ## - ADDED ENTRY--PERSONAL NAME
Personal name मंगेशकर गीता / बांदोडकर गौरी
730 ## - ADDED ENTRY--UNIFORM TITLE
Uniform title उपेक्षिता
942 ## - ADDED ENTRY ELEMENTS (KOHA)
Koha item type Book

No items available.